| 000 | 00778cai a22001935a 4500 | ||
|---|---|---|---|
| 001 | L146322 | ||
| 008 | 090109u xxkao g 000 0 eng d | ||
| 035 | _a(Sirsi) u146322 | ||
| 041 | 0 | _aeng | |
| 110 | 2 |
_aEstate Agency News _95683 |
|
| 245 | 0 | 0 |
_aEstate agency news _h[electronic resource] |
| 520 | _aWebsite provides estate agency news and commentary, as well as links to a range of online property portals for residential property. | ||
| 590 | _aKA | ||
| 651 | 4 |
_aUnited Kingdom _y1973- |
|
| 690 | _aPROPERTY-PROPERTY AGENCY | ||
| 690 | _aPROPERTY-RESIDENTIAL PROPERTY-RESIDENTIAL PROPERTY ACQUISITION AND DISPOSAL | ||
| 856 | 4 | 0 |
_uhttps://www.estateagencynews.co.uk/resources/contact_form.asp _zView the website free of charge at www.estateagencynews.co.uk... |
| 942 | _n0 | ||
| 999 |
_c120757 _d120757 |
||